MARC details
| 000 -CABECERA |
| campo de control de longitud fija |
03438nam a2200397 a 4500 |
| 001 - NÚMERO DE CONTROL |
| campo de control |
Z_6217 |
| 003 - IDENTIFICADOR DEL NÚMERO DE CONTROL |
| campo de control |
CHAP |
| 005 - FECHA Y HORA DE LA ÚLTIMA TRANSACCIÓN |
| campo de control |
20231017122857.0 |
| 007 - CAMPO FIJO DE DESCRIPCIÓN FÍSICA--INFORMACIÓN GENERAL |
| campo de control de longitud fija |
ta |
| 008 - DATOS DE LONGITUD FIJA--INFORMACIÓN GENERAL |
| campo de control de longitud fija |
220601t2010 mx ado gr 001 0 s d |
| 020 ## - NÚMERO INTERNACIONAL ESTÁNDAR DEL LIBRO |
| Número Internacional Estándar del Libro |
978-607-17-0605-8 |
| 040 ## - FUENTE DE LA CATALOGACIÓN |
| Centro catalogador/agencia de origen |
Z |
| Centro/agencia transcriptor |
CHAP |
| 082 04 - NÚMERO DE LA CLASIFICACIÓN DECIMAL DEWEY |
| Número de clasificación |
591.56 |
| Número de documento/Ítem |
P75 2010 |
| Número de edición |
20 |
| 100 1# - ENTRADA PRINCIPAL--NOMBRE DE PERSONA |
| Nombre de persona |
Price, Edward O. |
| Término indicativo de función/relación |
autor |
| 9 (RLIN) |
91575 |
| 245 00 - MENCIÓN DE TÍTULO |
| Título |
Conducta animal aplicada al cuidado y producción pecuaria / |
| Mención de responsabilidad, etc. |
Edward O. Price y Agustín Orihuela |
| 264 #1 - PRODUCCIÓN, PUBLICACIÓN, DISTRIBUCIÓN, FABRICACIÓN Y COPYRIGHT |
| Producción, publicación, distribución, fabricación y copyright |
México, D. F.: |
| Nombre del de productor, editor, distribuidor, fabricante |
Trillas, |
| Fecha de producción, publicación, distribución, fabricación o copyright |
2010 |
| 300 ## - DESCRIPCIÓN FÍSICA |
| Extensión |
111 páginas: |
| Otras características físicas |
ilustraciones, gráficas, tablas, fotografías |
| 336 ## - TIPO DE CONTENIDO |
| Fuente |
rdacontent |
| Término de tipo de contenido |
texto |
| Código de tipo de contenido |
txt |
| 337 ## - TIPO DE MEDIO |
| Fuente |
rdamedia |
| Nombre/término del tipo de medio |
n |
| Código del tipo de medio |
sinmedio |
| 338 ## - TIPO DE SOPORTE |
| Fuente |
rdacarrier |
| Nombre/término del tipo de soporte |
volumen |
| Código del tipo de soporte |
nc |
| 500 ## - NOTA GENERAL |
| Nota general |
ej.1 - ej.6: donación<br/>ej.7: consumo |
| 504 ## - NOTA DE BIBLIOGRAFÍA, ETC. |
| Nota de bibliografía, etc. |
Bibliografía: páginas 99 - 105 |
| 505 ## - NOTA DE CONTENIDO CON FORMATO |
| Información miscelánea |
Introducción. -- 1. Uso de la selección artificial para resolver problemas conductuales en producción animal. -- 2. Efecto correlacionado en la selección . -- 3. Efecto de la experiencia temprana en el desarrollo de preferencia por alimentos. -- 4. Efecto de la crianza en aislamiento sobre agresividad y facilidad de manejo. -- 5. Efecto de la crianza en aislamiento sobre la conducta sexual del verraco. -- 6. El papel de la habituación en el manejo de los animales. -- 7. El tiempo de refuerzo o castigo en el condicionamiento. -- 8. Subdesempeño sexual. --9. Efecto de la crianza de machos en grupos de sólo-machos vs. grupos heterosexuales. -- 10. Empadres múltiples con machos de la misma edad vs. diferentes edades. -- 11. Midiendo el desempeño sexual de los machos. -- 12. Manteniendo la libido durante la monta natural. -- 13. Manteniendo la libido durante la colección de semen. -- Técnicas conductuales para maximizar la calidad del semen. |
| 520 ## - SUMARIO, ETC. |
| Sumario, etc. |
¿Por qué los animales domésticos se portan como lo hacen? ¿Cuáles son las implicaciones prácticas de este tipo de comportamiento? ¿Cómo podemos utilizar estas conductas para incrementar su productividad o brindarles mejor bienestar? para todos los que buscan respuestas a este tipo de cuestionamientos, veterinarios, agrónomos, productores, biólogos, psicólogos y quienes tengan interés en la etología, surge este libro que explora las posibilidades de la aplicación de esta ciencia. Los autores ofrecen información científica actual así como la acumulación durante años de experiencia respecto a las implicaciones del cuidado de los animales y su manejo en las granjas. Este compendio actualizado de conceptos y conocimiento práctico acerca de la conducta animal, se exponen de manera sencilla, amena y con amplio dominio de la materia; aquí se abordan la relación del hombre con los animales, la selección genética, la crianza, problemas causados por el comportamiento, o las soluciones que pueden darse a muchas complicaciones cuando se conoce la conducta de los animales así como el diseño de prácticas de manejo e instalaciones más seguras y eficientes, entre otros temas. |
| 650 #2 - PUNTO DE ACCESO ADICIONAL DE MATERIA--TÉRMINO DE MATERIA |
| Término de materia o nombre geográfico como elemento de entrada |
Conducta animal |
| 9 (RLIN) |
134384 |
| 650 #2 - PUNTO DE ACCESO ADICIONAL DE MATERIA--TÉRMINO DE MATERIA |
| Término de materia o nombre geográfico como elemento de entrada |
Conducta sexual animal |
| 9 (RLIN) |
134385 |
| 650 #0 - PUNTO DE ACCESO ADICIONAL DE MATERIA--TÉRMINO DE MATERIA |
| Término de materia o nombre geográfico como elemento de entrada |
Comportamiento reproductivo |
| 9 (RLIN) |
143263 |
| 650 13 - PUNTO DE ACCESO ADICIONAL DE MATERIA--TÉRMINO DE MATERIA |
| Término de materia o nombre geográfico como elemento de entrada |
Animales domésticos |
| 9 (RLIN) |
5889 |
| Subdivisión general |
Hábitos y conducta |
| 700 ## - PUNTO DE ACCESO ADICIONAL--NOMBRE DE PERSONA |
| Nombre de persona |
Orihuela, Agustín |
| 9 (RLIN) |
183362 |
| Término indicativo de función/relación |
coautor |
| 942 ## - ELEMENTOS DE PUNTO DE ACCESO ADICIONAL (KOHA) |
| Fuente del sistema de clasificación o colocación |
Dewey Decimal Classification |
| 942 ## - ELEMENTOS DE PUNTO DE ACCESO ADICIONAL (KOHA) |
| Fuente del sistema de clasificación o colocación |
Dewey Decimal Classification |
| 942 ## - ELEMENTOS DE PUNTO DE ACCESO ADICIONAL (KOHA) |
| Tipo de ítem Koha |
Libro |
| 901 ## - ELEMENTOS DE DATOS A LOCAL LDA (RLIN) |
| a |
591.56 P75 2010 |
| 902 ## - ELEMENTOS DE DATOS B LOCAL, LDB (RLIN) |
| a |
M |
| 905 ## - ELEMENTOS DE DATOS E LOCAL, LDE (RLIN) |
| a |
5032272010 mx ad 8000000300spa00 |